[Event "Oslo ASKO Pinseturnering-B"]
[Site "Oslo"]
[Date "2009.05.30"]
[Round "6"]
[White "Kjoita, Torgeir Jakhelln"]
[Black "Govatsmark, Konstantin"]
[Result "1-0"]
[WhiteElo "1481"]
[BlackElo "1431"]
[PlyCount "83"]
[EventDate "2009.05.30"]
[EventType "swiss"]
[EventRounds "6"]
[EventCountry "NOR"]
[SourceTitle "EXT 2011"]
[Source "ChessBase"]
[SourceDate "2010.11.26"]
[SourceVersion "1"]
[SourceVersionDate "2010.11.26"]
[SourceQuality "1"]

1. e4 c5 2. c4 Nc6 3. Nc3 g6 4. g3 Bg7 5. Nge2 Ne5 6. Nf4 d6 7. d3 Bg4 8. Be2 Bxe2 9. Qxe2 e6 10. 0-0 Ne7 11. Ng2 N5c6 12. Be3 0-0 13. Qd2 Nd4 14. Bxd4 cxd4 15. Ne2 Nc6 16. f4 f5 17. Rab1 a5 18. a3 Qd7 19. Nh4 Kh8 20. Nf3 Rfb8 21. b4 axb4 22. axb4 e5 23. exf5 gxf5 24. fxe5 dxe5 25. Nh4 Ne7 26. Qg5 Ra3 27. Nc1 Rf8 28. Nb3 b6 29. c5 h6 30. Qc1 Raa8 31. c6 Qd5 32. b5 Bf6 33. Qxh6+ Kg8 34. Nxf5 Nxf5 35. Rxf5 Ra2 36. Nd2 Bg7 37. Rxf8+ Kxf8 38. Rf1+ Kg8 39. Ne4 Qxe4 40. Qe6+ Kh7 41. dxe4 Rg2+ 42. Kxg2 1-0

[Event "NOR-ch U20 op 13th"]
[Site "Oslo"]
[Date "2003.04.12"]
[Round "1"]
[White "Govatsmark, Konstantin"]
[Black "Wallin, Denis"]
[Result "1/2-1/2"]
[WhiteElo "1215"]
[BlackElo "2101"]
[PlyCount "54"]
[EventDate "2003.04.??"]
[EventType "swiss"]
[EventRounds "9"]
[EventCountry "NOR"]
[SourceTitle "EXT 2005"]
[Source "ChessBase"]
[SourceDate "2004.11.15"]
[SourceVersion "1"]
[SourceVersionDate "2004.11.15"]
[SourceQuality "1"]

1. e4 c6 2. d4 d5 3. Nc3 dxe4 4. Nxe4 Nf6 5. Nxf6+ gxf6 6. Nf3 Bg4 7. Be2 e6 8. c3 Bd6 9. Qb3 Qc7 10. h3 Bh5 11. g4 Bg6 12. Bh6 Nd7 13. Nd2 Bf8 14. Bxf8 Nxf8 15. h4 h5 16. gxh5 Bxh5 17. Bxh5 Rxh5 18. Qd1 Rh6 19. Qf3 0-0-0 20. 0-0-0 f5 21. d5 cxd5 22. Qe3 Rh5 23. Qxa7 Ng6 24. Kb1 Rd6 25. Nf3 Ra6 26. Qd4 Qa5 27. a3 Qb6 1/2-1/2